| 000 | 00983cam a2200289 i 4500 | ||
|---|---|---|---|
| 001 | 3178813 | ||
| 003 | EG-ScBUE | ||
| 005 | 20211222122237.0 | ||
| 008 | 760521r20091911nyu f 000 1 eng d | ||
| 020 | _a1442102128 | ||
| 020 | _a9781442102125 | ||
| 040 |
_aDLC _beng _erda _cDLC _dDLC _dEG-ScBUE |
||
| 082 | 0 | 4 |
_a823.912 _bFOR _222 |
| 100 | 1 |
_aForster, E. M. _q(Edward Morgan), _d1879-1970, _eauthor. _933591 |
|
| 245 | 1 | 4 |
_aThe celestial omnibus and other stories / _cE. M. Forster. |
| 264 | 1 |
_a[New York] : _bQuinx Books, _c2009. |
|
| 300 |
_a126 pages ; _c19 cm |
||
| 336 |
_2rdacontent _atext _btxt |
||
| 337 |
_2rdamedia _aunmediated _bn |
||
| 338 |
_2rdacarrier _avolume _bnc |
||
| 505 | 0 | _aThe story of a panic.--The other side of the hedge.--The celestial omnibus.--Other kingdom.--The curate's friend.--The road from Colonus. | |
| 650 | 7 |
_aShort stories. _2BUEsh |
|
| 651 | _2BUEsh | ||
| 653 |
_cOctober2013 _bHHUUEENN |
||
| 655 |
_vReading book _934232 |
||
| 942 |
_2ddc _cBB |
||
| 999 |
_c17676 _d17648 |
||